000 00552nam a2200205 i 4500
001 88845
003 ES-MaACL
005 20230906175941.0
007 t|
008 050112s1981 sp ||||1| spa d
080 _a616.831-053.9-085.2
080 _a615.2 Hydergina
245 0 0 _aInsuficiencia cerebral senil.
260 _a[Barcelona :
_bSandoz,
_c1981]
300 _a[56] p. :
_bil. ;
_c25 cm.
650 4 _aCerebro-
_xTratamiento.
_910905
650 1 4 _aHydergina.
_913515
710 2 _aSandoz.
_9167177
852 _aES-MaACL
_jE-10703
_bR.135063
999 _c88845
_d88845